00440nam a2200145 450000500170000010000560001724500340007326400480010730000180015550000340017333600220020733700240022933800240025399900170027720260530113843.01 aDir Gral de Industrial Culturales y Diseño93039710aDiseño y Comercialización 1bCentro Metropolitano de Diseño BsAsc2005 a179 páginas asin el CD Grabaciones de Conf atexto2rdacontent asin medio2rdamedia avolumen2rdacarrier c11180d11180